[Event "Prague Summer op 4th"]
[Site "Prague"]
[Date "2017.08.05"]
[Round "2"]
[White "Mukashev, Assan"]
[Black "Vinay, Kurth Koti"]
[Result "1-0"]
[WhiteElo "2199"]
[BlackElo "1881"]
[PlyCount "55"]
[EventDate "2017.08.04"]
[EventType "swiss"]
[EventRounds "9"]
[EventCountry "CZE"]
[SourceTitle "CBM 179 Extra"]
[Source "ChessBase"]
[SourceDate "2017.08.23"]
[SourceVersion "1"]
[SourceVersionDate "2017.08.23"]
[SourceQuality "1"]

1. d4 Nf6 2. Nf3 e6 3. a3 d5 4. c4 Be7 5. Qc2 c6 6. Nbd2 Nbd7 7. e4 dxe4 8. Nxe4 c5 9. Nxc5 Nxc5 10. dxc5 Bxc5 11. Bd3 0-0 12. 0-0 h6 13. b4 Be7 14. Bb2 Bd7 15. Rfd1 Qe8 16. Qc3 Rc8 17. Rac1 Ba4 18. Re1 Nh5 19. Bb1 Qd8 20. Ne5 Bg5 21. Qf3 Bxc1 22. Bxc1 Nf6 23. Qxb7 Qd4 24. Qf3 Rfd8 25. h3 Bd1 26. Qb7 Nd7 27. Nc6 Nf6 28. Nxd4 1-0

[Event "Pardubice Czech op-B 28th"]
[Site "Pardubice"]
[Date "2017.07.27"]
[Round "7"]
[White "Tauriainen, Marko"]
[Black "Vinay, Kurth Koti"]
[Result "1/2-1/2"]
[WhiteElo "2103"]
[BlackElo "1817"]
[PlyCount "102"]
[EventDate "2017.07.21"]
[EventType "swiss"]
[EventRounds "9"]
[EventCountry "CZE"]
[SourceTitle "CBM 179 Extra"]
[Source "ChessBase"]
[SourceDate "2017.08.23"]
[SourceVersion "1"]
[SourceVersionDate "2017.08.23"]
[SourceQuality "1"]

1. Nc3 d5 2. e4 dxe4 3. Nxe4 Bf5 4. Ng3 Bg6 5. h4 h6 6. Nh3 e6 7. h5 Bh7 8. Bc4 Nf6 9. d3 Bd6 10. Bf4 Nbd7 11. Qe2 Nb6 12. Bb3 Nbd5 13. Qf3 c6 14. Bd2 Qc7 15. c4 Nb4 16. Bxb4 Bxb4+ 17. Kf1 0-0-0 18. Rd1 Qe5 19. Qe2 Qd4 20. Bc2 Qxb2 21. Bb1 Qd4 22. Ng1 Ng4 23. Nf3 Qb6 24. Rh4 f5 25. d4 Rhe8 26. c5 Qc7 27. Qc4 Qa5 28. Bc2 Qa3 29. Rb1 Ba5 30. Rd1 Bc7 31. Ne2 Rd5 32. Bb3 Bg8 33. Qc2 Rdd8 34. Rh3 Qa5 35. Nd2 Bb8 36. Nc4 Qa6 37. Kg1 Nf6 38. Nc3 Bf7 39. Qe2 Nd5 40. Qb2 Nf4 41. Re3 Bxh5 42. Rb1 Rxd4 43. Na4 Rxc4 44. Bxc4 b5 45. cxb6 Qxa4 46. bxa7 Bxa7 47. Ra3 Qxc4 48. Qb7+ Kd8 49. Rxa7 Ne2+ 50. Kf1 Nf4+ 51. Kg1 Ne2+ 1/2-1/2

[Event "Pardubice Czech op-B 28th"]
[Site "Pardubice"]
[Date "2017.07.26"]
[Round "6"]
[White "Vinay, Kurth Koti"]
[Black "Zanikov, Konstantin"]
[Result "1/2-1/2"]
[WhiteElo "1817"]
[BlackElo "2084"]
[PlyCount "141"]
[EventDate "2017.07.21"]
[EventType "swiss"]
[EventRounds "9"]
[EventCountry "CZE"]
[SourceTitle "CBM 179 Extra"]
[Source "ChessBase"]
[SourceDate "2017.08.23"]
[SourceVersion "1"]
[SourceVersionDate "2017.08.23"]
[SourceQuality "1"]

1. d4 Nf6 2. Bf4 g6 3. e3 Bg7 4. Nf3 0-0 5. h3 d6 6. Be2 b6 7. Nbd2 Bb7 8. 0-0 c5 9. c3 Nbd7 10. Rc1 Re8 11. Qb3 e5 12. Bg3 e4 13. Nh2 d5 14. f3 exf3 15. Rxf3 Re6 16. Bb5 Qe7 17. Bxd7 Nxd7 18. Re1 f5 19. Qd1 Re8 20. Nhf1 b5 21. Nb3 b4 22. cxb4 cxb4 23. Qd2 Ba6 24. Bf2 Bh6 25. Nc1 f4 26. Nd3 Bxd3 27. Qxd3 Nb6 28. b3 Rc8 29. Nh2 Rc3 30. Qb5 fxe3 31. Bg3 e2 32. Ng4 Bd2 33. Be5 Rxf3 34. Qxe2 Rxe5 35. dxe5 Bxe1 36. gxf3 Bc3 37. f4 Qc5+ 38. Kg2 d4 39. Nf6+ Kg7 40. Qe4 Qe7 41. f5 gxf5 42. Qxf5 Kh8 43. Kf2 d3 44. Nxh7 d2 45. Ke2 Bxe5 46. Ng5 Bc3+ 47. Ne6 d1Q+ 48. Kxd1 Qd6+ 49. Ke2 Qe5+ 50. Qxe5+ Bxe5 51. Nd8 Bc3 52. Kd3 Kg8 53. Nc6 Nc8 54. Kc4 Kf7 55. Nxb4 Bf6 56. Kb5 Ke6 57. Kc6 Bd4 58. Na6 Ne7+ 59. Kb7 Kd6 60. Nc7 Bf2 61. Nb5+ Kc5 62. Nxa7 Kb4 63. Nc6+ Nxc6 64. Kxc6 Be1 65. Kd5 Ka3 66. Kc4 Kxa2 67. b4 Ka3 68. b5 Ka4 69. b6 Ka5 70. b7 Bg3 71. h4 1/2-1/2

[Event "Bangkok op 14th"]
[Site "Bangkok"]
[Date "2014.04.13"]
[Round "3"]
[White "Vinay, Kurth Koti"]
[Black "Saeheng, Boonsueb"]
[Result "0-1"]
[WhiteElo "1980"]
[BlackElo "2200"]
[PlyCount "135"]
[EventDate "2014.04.12"]
[EventType "swiss"]
[EventRounds "9"]
[EventCountry "THA"]
[SourceTitle "CBM 159 Extra"]
[Source "ChessBase"]
[SourceDate "2014.04.24"]
[SourceVersion "1"]
[SourceVersionDate "2014.04.24"]
[SourceQuality "1"]

1. e4 c6 2. d4 d5 3. exd5 cxd5 4. c4 Nf6 5. Nc3 e6 6. Nf3 Be7 7. cxd5 exd5 8. Bd3 0-0 9. 0-0 Nc6 10. h3 Re8 11. Be3 h6 12. Rc1 Bf8 13. Bb1 a6 14. a3 Bd6 15. Re1 Be6 16. Nd2 Ne7 17. Nf3 Rc8 18. Ne5 Nc6 19. f4 Na5 20. f5 Bd7 21. Bf4 Nc4 22. Qf3 Bc6 23. Re2 Bb8 24. Rce1 Ba7 25. Qd3 Qb6 26. Nxc6 bxc6 27. Rxe8+ Rxe8 28. Rxe8+ Nxe8 29. Ne2 Qxb2 30. Bc1 Qb7 31. Kh2 Nf6 32. Nf4 Bb8 33. g3 Qe7 34. Qf3 Qe1 35. Nd3 Qc3 36. Qf2 Ne4 37. Bb2 Qb3 38. Qc2 Bxg3+ 39. Kg1 Qb6 40. Qe2 Bd6 41. Nb4 Nf6 42. Ba2 Nxb2 43. Qxb2 a5 44. Nd3 Qxb2 45. Nxb2 Bxa3 46. Nd3 Kf8 47. Bb3 Ne4 48. Kg2 Nd6 49. Ne5 Nxf5 50. Nxc6 Bb2 51. Nxa5 Bxd4 52. Kf3 Ne7 53. Nb7 f5 54. Nd8 Be5 55. Ne6+ Kf7 56. Nc5 g5 57. Nd3 Bd6 58. Ke3 Ke6 59. Ne1 Nc6 60. Kd3 Bc5 61. Nc2 f4 62. Ba4 Ne5+ 63. Kd2 Kd6 64. Bb3 Nf3+ 65. Kd3 Ke5 66. Ke2 Ng1+ 67. Kf1 Nxh3 68. Ne1 0-1